[Event "5MCR_3DW_1L_1S"]
[Site "ČR"]
[Date "2014.??.??"]
[Round "?"]
[White "Mudra, Oldrich"]
[Black "Bultman, Milan"]
[Result "1-0"]
[WhiteElo "2137"]
[BlackElo "2312"]
[PlyCount "111"]
[EventDate "2013.??.??"]
[EventType "corr"]

1. d4 Nf6 2. c4 g6 3. Nf3 Bg7 4. g3 O-O 5. Bg2 d6 6. O-O c6 7. Nc3 Bf5 8. b3
Ne4 9. Bb2 Nxc3 10. Bxc3 Be4 11. e3 e6 12. Qe2 a5 13. Rac1 d5 14. Nd2 Bxg2 15.
Kxg2 Qb6 16. Rfd1 Nd7 17. e4 Qa6 18. a4 Rfd8 19. Qe3 Nf6 20. e5 Ne8 21. Nf3 Bf8
22. Bd2 Rd7 23. Qe2 Nc7 24. Bg5 dxc4 25. bxc4 b5 26. Nd2 bxc4 27. Ne4 Nd5 28.
Qxc4 Rc7 29. Rc2 Qxc4 30. Rxc4 Nb6 31. Rc3 h6 32. Bd2 Kg7 33. Rb1 Nxa4 34. Rc4
Nb6 35. Rxb6 a4 36. Rb2 a3 37. Ra2 Rd7 38. h4 Be7 39. Be3 Rc7 40. Nd6 Rd7 41.
Rxc6 Bxd6 42. exd6 Rad8 43. Bf4 g5 44. hxg5 hxg5 45. Bxg5 Rxd6 46. Rxa3 Rxc6
47. Bxd8 Rd6 48. Ba5 Rd5 49. Kf3 Rf5+ 50. Ke3 Rb5 51. Bd2 Rb1 52. g4 Rg1 53.
Bc3 Kf8 54. d5 exd5 55. Bf6 Ke8 56. g5 1-0

[Event "5MCR_3DW_1L_1S"]
[Site "ČR"]
[Date "2014.??.??"]
[Round "?"]
[White "Mudra, Oldrich"]
[Black "Canibal, Jaromir"]
[Result "0-1"]
[WhiteElo "2137"]
[BlackElo "2380"]
[PlyCount "132"]
[EventDate "2013.??.??"]
[EventType "corr"]

1. d4 Nf6 2. c4 g6 3. Nf3 Bg7 4. g3 c6 5. Bg2 d5 6. cxd5 cxd5 7. Nc3 O-O 8. Ne5
e6 9. O-O Nfd7 10. Nf3 Nc6 11. a3 Nf6 12. Qd3 b6 13. Bg5 h6 14. Bd2 Bb7 15. b4
Ne8 16. Nd1 a6 17. Ne3 h5 18. a4 Nd6 19. Nc2 Qd7 20. Bf4 Nc4 21. Qb3 Rfc8 22.
Rfd1 Ne7 23. h4 Nf5 24. a5 bxa5 25. bxa5 Bc6 26. Nb4 Bb5 27. Bh3 Ncd6 28. Qb2
Qe8 29. e3 Ne4 30. Bg2 Bf8 31. Rdc1 Nfd6 32. Nd2 Rxc1+ 33. Qxc1 Rc8 34. Qb2 Nc3
35. Bg5 Kg7 36. Kh2 f6 37. Bf4 Nf7 38. Nf3 Ne4 39. Kg1 Bc4 40. Rb1 Qb5 41. Ne1
g5 42. hxg5 fxg5 43. Be5+ Kh6 44. Bh3 Nxe5 45. dxe5 Bc5 46. Bg2 Qxa5 47. Nbd3
Ba7 48. Qc2 Rc7 49. Qb2 Rf7 50. Qc1 Qc7 51. Rb2 Nxf2 52. Rxf2 Bxd3 53. Rf6+ Bg6
54. Qxc7 Rxc7 55. Rxe6 Bxe3+ 56. Kf1 Kg7 57. Bxd5 Bf7 58. Rc6 Rxc6 59. Bxc6
Bc4+ 60. Kg2 g4 61. Be8 Kh6 62. Bd7 Kg5 63. Nc2 Bc5 64. Kh2 a5 65. Ne1 Bb3 66.
Nd3 Bd4 0-1

[Event "5MCR_3DW_1L_1S"]
[Site "ČR"]
[Date "2014.??.??"]
[Round "?"]
[White "Pecka, Josef"]
[Black "Vozda, Jindrich"]
[Result "1/2-1/2"]
[WhiteElo "2396"]
[BlackElo "2435"]
[PlyCount "127"]
[EventDate "2013.??.??"]
[EventType "corr"]

1. e4 e5 2. Nf3 Nc6 3. Bb5 a6 4. Ba4 Nf6 5. O-O Be7 6. Re1 b5 7. Bb3 O-O 8. h3
Bb7 9. d3 d6 10. a3 Re8 11. Nc3 Qd7 12. Ne2 Nd8 13. Ng3 Ne6 14. Ng5 c5 15. Nxe6
fxe6 16. a4 Bc6 17. c3 Kh8 18. Nh5 Rg8 19. axb5 axb5 20. Rxa8 Rxa8 21. Nxf6
Bxf6 22. Qg4 Re8 23. Be3 Qe7 24. Rc1 d5 25. d4 c4 26. dxe5 Bxe5 27. Bc2 g6 28.
Ra1 Ra8 29. Re1 Bg7 30. h4 b4 31. exd5 Bxd5 32. h5 bxc3 33. h6 Bf6 34. bxc3 Qf7
35. Bd4 Kg8 36. Rd1 e5 37. Bc5 Qe6 38. Qg3 e4 39. Bd4 Be7 40. Qe3 Ra2 41. Bc5
Bf6 42. Qf4 g5 43. Qc1 Kf7 44. Qb1 Ra5 45. Bb4 Rb5 46. Qc1 Rb8 47. Qe3 Ra8 48.
Qc5 Rd8 49. Ba5 Be7 50. Qe3 Ra8 51. Bb4 Bf6 52. Qc5 Rd8 53. Qa7+ Kg6 54. f3 Bc6
55. Rxd8 Bxd8 56. Bc5 Bf6 57. Qb6 Kf7 58. fxe4 Bxc3 59. Qd8 Qe8 60. Qxg5 Qe5
61. Qe3 Bd7 62. g3 Qf6 63. Qf2 Qxf2+ 64. Kxf2 1/2-1/2

[Event "5MCR_3DW_1L_2S"]
[Site "ČR"]
[Date "2013.??.??"]
[Round "?"]
[White "Pirhala, Ladislav"]
[Black "Pavlicek, Miroslav"]
[Result "1/2-1/2"]
[WhiteElo "2310"]
[BlackElo "2252"]
[PlyCount "94"]
[EventDate "2013.??.??"]
[EventType "corr"]

1. e4 c5 2. Nf3 Nc6 3. d4 cxd4 4. Nxd4 Nf6 5. Nc3 e5 6. Ndb5 d6 7. Bg5 a6 8.
Na3 b5 9. Bxf6 gxf6 10. Nd5 f5 11. Bd3 Be6 12. O-O Bxd5 13. exd5 Ne7 14. c3 Bg7
15. Qh5 e4 16. Bc2 Qc8 17. Rae1 O-O 18. Bb3 Ng6 19. Nc2 Re8 20. f4 a5 21. a3 b4
22. Ba4 Rf8 23. Bc6 bxc3 24. bxc3 Rb8 25. Ne3 Ne7 26. Qg5 f6 27. Qh5 Rb3 28.
Rc1 Nxc6 29. dxc6 Qxc6 30. Nxf5 Kh8 31. Nd4 Qb6 32. Kh1 Rxa3 33. Qe2 Qb7 34.
Nb5 Rb3 35. Nxd6 Qc6 36. Nf5 Rxc3 37. Rxc3 Qxc3 38. Qxe4 Rc8 39. Nxg7 Kxg7 40.
h3 Qc6 41. Qf5 Qc5 42. Qd7+ Kh8 43. Rd1 Qc6 44. Qd4 Qc3 45. Qe4 Rg8 46. Rd4 Qb2
47. Rd7 f5 1/2-1/2

[Event "5MCR_3DW_1L_2S"]
[Site "ČR"]
[Date "2013.??.??"]
[Round "?"]
[White "Pavlicek, Miroslav"]
[Black "Jarabinsky, Martin"]
[Result "1/2-1/2"]
[WhiteElo "2252"]
[BlackElo "2227"]
[PlyCount "67"]
[EventDate "2013.??.??"]
[EventType "corr"]

1. e4 c6 2. d4 d5 3. e5 Bf5 4. Nc3 e6 5. g4 Bg6 6. Nge2 c5 7. h4 h5 8. Nf4 Bh7
9. g5 cxd4 10. Nb5 Be4 11. f3 Bf5 12. Nxd4 Ne7 13. Nxf5 Nxf5 14. Bd3 Qc7 15.
Ne2 g6 16. Bxf5 gxf5 17. Be3 Nd7 18. f4 Rc8 19. c3 Qc4 20. Bd4 Nc5 21. b4 Ne4
22. Qa4+ Qc6 23. Qxa7 Be7 24. Rh3 O-O 25. Qa3 Bd8 26. Qb2 b5 27. Ng3 Nxg3 28.
Rxg3 Bb6 29. Rd1 Bxd4 30. Rxd4 Qe8 31. Kf1 Kg7 32. Qe2 Kg6 33. Ke1 Ra8 34. Kd1
1/2-1/2

[Event "5MCR_3DW_1L_2S"]
[Site "ČR"]
[Date "2013.??.??"]
[Round "?"]
[White "Sykora, Josef"]
[Black "Pirhala, Ladislav"]
[Result "1/2-1/2"]
[WhiteElo "2367"]
[BlackElo "2310"]
[PlyCount "101"]
[EventDate "2013.??.??"]
[EventType "corr"]

1. c4 Nf6 2. d4 e6 3. Nf3 d5 4. Nc3 c6 5. e3 Nbd7 6. Qc2 Bd6 7. g4 dxc4 8. g5
Nd5 9. Bxc4 e5 10. Bd2 exd4 11. Qe4+ Ne7 12. Qxd4 Nf5 13. Qe4+ Ne7 14. Qc2 Nb6
15. Be2 Bf5 16. Ne4 Bc7 17. Nh4 Bxe4 18. Qxe4 Qd5 19. Qxd5 Nexd5 20. O-O-O Rd8
21. Ba5 O-O 22. Nf3 Nd7 23. Bxc7 Nxc7 24. Bc4 Nc5 25. Rxd8 Rxd8 26. Ne5 Nd5 27.
Rd1 Kf8 28. Ng4 Ke7 29. h4 f5 30. gxf6+ Nxf6 31. Rxd8 Kxd8 32. Nxf6 gxf6 33. b4
Nd7 34. Bd3 h6 35. Kd2 Ne5 36. Be2 f5 37. Kc3 Ke7 38. f4 Ng6 39. h5 Nf8 40. Kd4
Kd6 41. e4 Ne6+ 42. Ke3 Ng7 43. a4 fxe4 44. Kxe4 Ke6 45. Bg4+ Kf6 46. Kd4 b6
47. Ke3 Ne8 48. Bf3 Nc7 49. Bxc6 Na6 50. Bb5 Nxb4 51. Ke4 1/2-1/2

[Event "5MCR_3DW_1L_2S"]
[Site "ČR"]
[Date "2013.??.??"]
[Round "?"]
[White "Pravec, Ladislav"]
[Black "Sykora, Josef"]
[Result "1/2-1/2"]
[WhiteElo "2343"]
[BlackElo "2367"]
[PlyCount "61"]
[EventDate "2013.??.??"]
[EventType "corr"]

1. d4 d5 2. c4 c6 3. cxd5 cxd5 4. Nc3 Nf6 5. Nf3 Nc6 6. Bf4 Bf5 7. e3 e6 8. Qb3
Bb4 9. Bb5 O-O 10. O-O Bxc3 11. Bxc6 Bxb2 12. Bxb7 Bxa1 13. Rxa1 Qb6 14. Bxa8
Rxa8 15. Rc1 h6 16. Ne5 Qa6 17. Nc6 Kh7 18. Ne7 Be4 19. f3 Re8 20. Qb4 Qxa2 21.
fxe4 a5 22. Qc5 Nxe4 23. Qc7 Qf2+ 24. Kh1 Qb2 25. Rf1 a4 26. h3 a3 27. Be5 Ng5
28. h4 Qe2 29. Ra1 Ne4 30. Nxd5 exd5 31. Qxf7 1/2-1/2

[Event "5MCR_3DW_1L_2S"]
[Site "ČR"]
[Date "2013.??.??"]
[Round "?"]
[White "Sykora, Josef"]
[Black "Pravec, Ladislav"]
[Result "1/2-1/2"]
[WhiteElo "2367"]
[BlackElo "2343"]
[PlyCount "65"]
[EventDate "2013.??.??"]
[EventType "corr"]

1. c4 Nf6 2. d4 e6 3. Nf3 b6 4. g3 Ba6 5. Qa4 Bb7 6. Bg2 c5 7. dxc5 Bxc5 8. O-O
O-O 9. Nc3 Be7 10. Bf4 Na6 11. Rfd1 Nc5 12. Qc2 Qc8 13. Rac1 Nce4 14. Nd4 Nxc3
15. Qxc3 a6 16. Bf3 d6 17. Bxb7 Qxb7 18. Qf3 Ne4 19. Nb3 Ra7 20. Nd2 Nf6 21.
Qxb7 Rxb7 22. Nf3 Rd8 23. b3 h6 24. Kg2 a5 25. Rc2 Kh7 26. Bc1 d5 27. cxd5 Nxd5
28. Rd3 Rdd7 29. Bd2 Rdc7 30. Nd4 Rxc2 31. Nxc2 Rc7 32. Ne3 Nb4 33. Bxb4
1/2-1/2

[Event "5MCR_3DW_1L_2S"]
[Site "ČR"]
[Date "2013.??.??"]
[Round "?"]
[White "Pravec, Ladislav"]
[Black "Pirhala, Ladislav"]
[Result "1-0"]
[WhiteElo "2343"]
[BlackElo "2310"]
[PlyCount "115"]
[EventDate "2013.??.??"]
[EventType "corr"]

1. d4 Nf6 2. c4 e6 3. Nf3 Bb4+ 4. Bd2 Qe7 5. g3 Nc6 6. Nc3 Bxc3 7. Bxc3 Ne4 8.
Rc1 O-O 9. Bg2 d6 10. d5 Nd8 11. O-O e5 12. Nd2 Nxc3 13. Rxc3 f5 14. c5 Nf7 15.
cxd6 cxd6 16. Qb3 b6 17. Qa3 Bb7 18. Rfc1 Rfc8 19. e4 fxe4 20. Nxe4 Rxc3 21.
Rxc3 Kf8 22. Nd2 Bc8 23. h4 g6 24. Ne4 Kg8 25. Qa4 Bf5 26. Rc6 Rb8 27. Qb3 Kg7
28. Qb4 Rc8 29. Qc4 Qe8 30. Qa4 Qd7 31. Kh2 Rc7 32. Nc3 Qe7 33. Qc4 Rd7 34. Kg1
h5 35. Be4 Qf6 36. Rc7 Qe7 37. Rc8 Rd8 38. Bxf5 gxf5 39. Kg2 Rxc8 40. Qxc8 Kg6
41. Nb5 Kf6 42. a3 e4 43. Nc7 Nd8 44. Kf1 e3 45. fxe3 Kg6 46. Ne6 Nxe6 47. dxe6
Kf6 48. Qh8+ Kxe6 49. Qxh5 Qb7 50. Qh6+ Kd5 51. Qf6 Qc8 52. Qd4+ Ke6 53. e4
fxe4 54. Qxe4+ Kf6 55. Kg2 d5 56. Qxd5 Qc2+ 57. Kh3 Qxb2 58. Qd6+ 1-0

[Event "5MCR_3DW_1L_2S"]
[Site "ČR"]
[Date "2013.??.??"]
[Round "?"]
[White "Pavlicek, Miroslav"]
[Black "Sykora, Josef"]
[Result "1-0"]
[WhiteElo "2252"]
[BlackElo "2367"]
[PlyCount "131"]
[EventDate "2013.??.??"]
[EventType "corr"]

1. e4 c6 2. d4 d5 3. e5 Bf5 4. Nc3 e6 5. g4 Bg6 6. Nge2 c5 7. h4 h5 8. Nf4 Bh7
9. g5 cxd4 10. Nb5 Be4 11. f3 Bf5 12. Nxd4 Ne7 13. Nxf5 Nxf5 14. Bd3 g6 15.
Bxf5 gxf5 16. Ne2 Qb6 17. f4 Nd7 18. Rh3 Nc5 19. Qd4 Qa6 20. Ra3 Qb5 21. Be3 a5
22. Bg1 Rc8 23. Rc3 Kd7 24. Rg3 Be7 25. a4 Qa6 26. Qd1 Rc7 27. Nc3 Qc4 28. Bd4
Ne4 29. Nxe4 fxe4 30. c3 Rcc8 31. Qe2 Qxe2+ 32. Kxe2 Rb8 33. c4 Rhc8 34. cxd5
exd5 35. f5 Rc2+ 36. Kf1 Rh2 37. g6 Rh1+ 38. Rg1 Rxg1+ 39. Kxg1 fxg6 40. e6+
Kd6 41. f6 Bxf6 42. Bxf6 Kxe6 43. Bd4 Rc8 44. Kf2 Rf8+ 45. Ke2 Rf4 46. Bf2 d4
47. Bxd4 Rxh4 48. Rg1 Kf5 49. Rf1+ Ke6 50. Bc3 Kd5 51. Rd1+ Ke6 52. Rg1 Kf5 53.
Rf1+ Kg4 54. Ke3 Rh2 55. Rf4+ Kh3 56. Rxe4 Rg2 57. Re7 Rg4 58. Rxb7 Rxa4 59.
Rb5 Rg4 60. Rxa5 h4 61. b4 Rg3+ 62. Kd4 Kg4 63. Kc4 h3 64. Ra2 Re3 65. b5 Kg3
66. Bd4 1-0

[Event "5MCR_3DW_1L_2S"]
[Site "ČR"]
[Date "2013.??.??"]
[Round "?"]
[White "Pirhala, Ladislav"]
[Black "Sykora, Josef"]
[Result "1-0"]
[WhiteElo "2310"]
[BlackElo "2367"]
[PlyCount "169"]
[EventDate "2013.??.??"]
[EventType "corr"]

1. e4 c6 2. d4 d5 3. Nc3 dxe4 4. Nxe4 Nd7 5. Nf3 Ngf6 6. Nc3 Nb6 7. a4 a5 8. h3
Bf5 9. Bd3 Bxd3 10. Qxd3 e6 11. O-O Qc7 12. Ne4 Be7 13. Nxf6+ Bxf6 14. Re1 Rd8
15. Qe4 O-O 16. Bf4 Qe7 17. c3 Nd5 18. Bg3 Rd7 19. Rad1 Rfd8 20. Qg4 Nb6 21.
Ne5 Bxe5 22. Bxe5 Qf8 23. Rd3 Kh8 24. Rg3 f6 25. Bf4 Nxa4 26. Rxe6 Nb6 27. Rge3
Nc4 28. Re1 Qf7 29. b3 Nb6 30. Bg3 h6 31. Qd1 Nd5 32. Qa1 Ra8 33. c4 Ne7 34.
Bd6 Nf5 35. Bc5 Kh7 36. Kh2 Qg6 37. g4 Nh4 38. Qc3 Qg5 39. Qd3+ Ng6 40. d5 cxd5
41. Be3 Qh4 42. cxd5 a4 43. bxa4 Rxa4 44. Kg2 Rxg4+ 45. hxg4 Qxg4+ 46. Kf1 Qh3+
47. Ke2 Qg4+ 48. Kd2 Qb4+ 49. Kd1 Qa4+ 50. Qc2 Rxd5+ 51. Bd2 Qd4 52. R1e3 Qg4+
53. Kc1 Qg1+ 54. Be1 Qg5 55. Kb2 Rc5 56. Qe4 Rb5+ 57. Kc2 Rc5+ 58. Rc3 h5 59.
Bd2 Qf5 60. Qxf5 Rxf5 61. Rh3 h4 62. f4 Rb5 63. Rd6 Rh5 64. Kd3 Ne7 65. Rd7 Nf5
66. Rxb7 Kg6 67. Rb8 Ng3 68. Be1 Nf5 69. Bf2 Rh6 70. Ke4 Rh5 71. Kf3 Rh7 72.
Kg4 Rh5 73. Rd3 Nh6+ 74. Kh3 Rf5 75. Rb4 Rh5 76. Rb1 Ra5 77. Rg1+ Kh7 78. Kxh4
Ra4 79. Kg3 Rb4 80. Kf3 Rb7 81. Rgd1 Rb4 82. Rd7 Nf5 83. Rg1 Kh8 84. Rd5 Nh6
85. Bd4 1-0

[Event "5MCR_3DW_1L_2S"]
[Site "ČR"]
[Date "2013.??.??"]
[Round "?"]
[White "Pirhala, Ladislav"]
[Black "Pravec, Ladislav"]
[Result "1/2-1/2"]
[WhiteElo "2310"]
[BlackElo "2343"]
[PlyCount "117"]
[EventDate "2013.??.??"]
[EventType "corr"]

1. e4 c5 2. Nf3 Nc6 3. d4 cxd4 4. Nxd4 Nf6 5. Nc3 e5 6. Ndb5 d6 7. Bg5 a6 8.
Na3 b5 9. Nd5 Be7 10. Bxf6 Bxf6 11. c3 Bg5 12. Nc2 Ne7 13. Ncb4 O-O 14. Be2 a5
15. Nxe7+ Qxe7 16. Nd5 Qb7 17. Qd3 b4 18. cxb4 axb4 19. Qg3 Bd8 20. O-O Be6 21.
Bc4 Ra5 22. Rad1 h6 23. Bb3 Rc5 24. Rd3 Rc8 25. Rfd1 Kh8 26. h4 Bd7 27. R3d2
Be6 28. Kh1 Rg8 29. Kh2 Rf8 30. f4 exf4 31. Qxf4 Qb8 32. g3 Rc5 33. Rf1 Re8 34.
Rff2 Ba5 35. Rd3 Bxd5 36. Rxd5 f6 37. Rf5 Qc7 38. Rd2 Rce5 39. Rc2 Qe7 40. Rxe5
dxe5 41. Qf1 Rb8 42. h5 Bb6 43. Qf5 Bc5 44. Qe6 Qf8 45. Kh3 Rc8 46. Qd7 Rb8 47.
Be6 Be7 48. Rc7 Bd8 49. Rc6 Be7 50. Bd5 Rd8 51. Qf5 Rb8 52. Rc7 Qd8 53. Rd7 Qe8
54. Kg2 Bf8 55. Rc7 Qb5 56. Bc4 Qe8 57. Qg4 Ra8 58. Kh2 Be7 59. Bd5 1/2-1/2

[Event "5MCR_3DW_1L_2S"]
[Site "ČR"]
[Date "2013.??.??"]
[Round "?"]
[White "Pirhala, Ladislav"]
[Black "Jarabinsky, Martin"]
[Result "1-0"]
[WhiteElo "2310"]
[BlackElo "2227"]
[PlyCount "107"]
[EventDate "2013.??.??"]
[EventType "corr"]

1. e4 e5 2. Nf3 Nc6 3. Bb5 a6 4. Ba4 Nf6 5. O-O Be7 6. Re1 b5 7. Bb3 d6 8. c3
O-O 9. h3 Nb8 10. d4 Nbd7 11. Nbd2 Bb7 12. Bc2 Re8 13. Nf1 Bf8 14. Ng3 g6 15.
a4 c5 16. d5 c4 17. Bg5 h6 18. Be3 Qc7 19. Qd2 h5 20. Nf1 Nc5 21. Ng5 Rec8 22.
f4 exf4 23. Bd4 Nfd7 24. Qxf4 Ne5 25. Nh2 Bh6 26. Nhf3 Nxf3+ 27. gxf3 Qe7 28.
h4 Nd7 29. Qg3 Bg7 30. Bxg7 Kxg7 31. f4 Rf8 32. e5 dxe5 33. Rad1 Qc5+ 34. Rd4
Bxd5 35. fxe5 Kh8 36. axb5 axb5 37. Qe3 Rae8 38. e6 Qd6 39. Rxd5 Qxd5 40. Be4
Qc5 41. Nxf7+ Rxf7 42. Qxc5 Rf1+ 43. Kxf1 Nxc5 44. Bxg6 Re7 45. Bf5 Kg7 46. Re5
Nd3 47. Rxb5 Nf4 48. Rc5 Nxe6 49. Bxe6 Rxe6 50. Rxc4 Kf6 51. Kf2 Ke7 52. Rc5
Rf6+ 53. Ke3 Re6+ 54. Kd4 1-0

[Event "5MCR_3DW_1L_2S"]
[Site "ČR"]
[Date "2013.??.??"]
[Round "?"]
[White "Jarabinsky, Martin"]
[Black "Pirhala, Ladislav"]
[Result "1/2-1/2"]
[WhiteElo "2227"]
[BlackElo "2310"]
[PlyCount "102"]
[EventDate "2013.??.??"]
[EventType "corr"]

1. d4 Nf6 2. c4 e6 3. Nf3 b6 4. g3 Ba6 5. b3 Bb4+ 6. Bd2 Be7 7. Nc3 O-O 8. Bg2
c6 9. O-O d5 10. Bf4 Nbd7 11. Rc1 Rc8 12. Re1 Re8 13. Qc2 Ba3 14. Rcd1 c5 15.
e3 Bb4 16. Ne5 cxd4 17. exd4 Nxe5 18. dxe5 Nd7 19. Bd2 dxc4 20. Ne4 Be7 21. Bf4
cxb3 22. Qxb3 Bc4 23. Qa4 Bd5 24. Nd6 Bxd6 25. Bxd5 Nc5 26. Qb5 exd5 27. Rxd5
h6 28. Red1 Qd7 29. Qb1 Qc6 30. exd6 Re6 31. Qc1 Qd7 32. Qc3 Ree8 33. Qa3 Re6
34. Re5 Rxe5 35. Bxe5 Rd8 36. Qb2 Qg4 37. Rd4 Qf3 38. Bxg7 Re8 39. Qa1 Nd3 40.
Rxd3 Qxd3 41. Bxh6 f6 42. Bf4 Kf7 43. Qc1 Kg6 44. h3 Re2 45. h4 Rxa2 46. Qc8
Qd1+ 47. Kg2 Qd5+ 48. Kh3 Rxf2 49. Qe8+ Kg7 50. Qd7+ Kg6 51. Qe8+ Kg7 1/2-1/2

[Event "5MCR_3DW_1L_2S"]
[Site "ČR"]
[Date "2013.??.??"]
[Round "?"]
[White "Sykora, Josef"]
[Black "Jarabinsky, Martin"]
[Result "1/2-1/2"]
[WhiteElo "2367"]
[BlackElo "2227"]
[PlyCount "92"]
[EventDate "2013.??.??"]
[EventType "corr"]

1. c4 Nf6 2. d4 g6 3. g3 c6 4. Bg2 d5 5. cxd5 cxd5 6. Nf3 Bg7 7. O-O O-O 8. Nc3
Nc6 9. Ne5 Qb6 10. Nxc6 bxc6 11. b3 Re8 12. Bb2 Bf5 13. Rc1 Nd7 14. e3 h5 15.
Qd2 Qa5 16. Rfd1 Rac8 17. Na4 Qxd2 18. Rxd2 e6 19. Bf1 Bf8 20. Kg2 g5 21. Ba6
Rc7 22. Bc3 Ba3 23. Rcd1 Nb6 24. Ba5 g4 25. Nxb6 axb6 26. Bxb6 Be4+ 27. Kg1
Rce7 28. Bd3 Bxd3 29. Rxd3 Ra8 30. Rc3 Kg7 31. Rc2 Rb7 32. Bc5 Bxc5 33. dxc5
Ra6 34. Kg2 f5 35. h4 Ra8 36. Kf1 Ra5 37. Rd3 Ra3 38. Ke2 Rb8 39. Kd1 Rba8 40.
Rdd2 Kf7 41. Kc1 Kg6 42. Kb1 Kf7 43. Rb2 Kf6 44. Rdc2 Ke5 45. Rc1 Ke4 46. Rcc2
Rb8 1/2-1/2

[Event "5MCR_3DW_1L_2S"]
[Site "ČR"]
[Date "2013.??.??"]
[Round "?"]
[White "Nedoma, Petr"]
[Black "Pirhala, Ladislav"]
[Result "1/2-1/2"]
[WhiteElo "2415"]
[BlackElo "2310"]
[PlyCount "71"]
[EventDate "2013.??.??"]
[EventType "corr"]

1. d4 Nf6 2. c4 e6 3. Nf3 d5 4. Nc3 c6 5. e3 Nbd7 6. Qc2 Bd6 7. Bd3 O-O 8. O-O
dxc4 9. Bxc4 b5 10. Bd3 Bb7 11. a3 a6 12. Ng5 Bxh2+ 13. Kxh2 Ng4+ 14. Kg1 Qxg5
15. f3 Ngf6 16. e4 Qh4 17. Ne2 e5 18. Be3 Nh5 19. Qd2 h6 20. b4 exd4 21. Bxd4
Rfe8 22. Bc2 c5 23. bxc5 Rac8 24. Bxg7 Kxg7 25. Qxd7 Rcd8 26. Qxb7 Rd2 27. Rae1
Rxc2 28. Qc7 Rd8 29. Rf2 Rdd2 30. g4 Qg5 31. c6 Qc5 32. gxh5 Rxe2 33. Qg3+ Kh7
34. Rexe2 Rxe2 35. Kf1 Rxf2+ 36. Qxf2 1/2-1/2

[Event "5MCR_3DW_1L_2S"]
[Site "ČR"]
[Date "2013.??.??"]
[Round "?"]
[White "Cernovsky, Karel"]
[Black "Sykora, Josef"]
[Result "1/2-1/2"]
[WhiteElo "2344"]
[BlackElo "2367"]
[PlyCount "80"]
[EventDate "2013.??.??"]
[EventType "corr"]

1. e4 c6 2. d4 d5 3. e5 Bf5 4. Nf3 e6 5. Be2 c5 6. Be3 cxd4 7. Nxd4 Ne7 8. c4
Nbc6 9. Qa4 a6 10. Nc3 dxc4 11. O-O-O Qa5 12. Nxf5 Nxf5 13. Qxa5 Nxa5 14. Bb6
Nc6 15. f4 Rc8 16. Kb1 Be7 17. g3 g5 18. fxg5 Rg8 19. g4 Nh4 20. Ne4 Nxe5 21.
Bf2 Nhg6 22. Bg3 b5 23. h4 Nc6 24. Nd6+ Bxd6 25. Bxd6 Nge5 26. Rd2 Ng6 27. Bf3
Nge5 28. Be4 c3 29. bxc3 Nc4 30. Rdd1 N6e5 31. Bxh7 Rh8 32. Be4 Nxg4 33. Bg3
Ke7 34. h5 Rc5 35. h6 Rxg5 36. Bc6 Rxh6 37. Rxh6 Nxh6 38. Bh4 f6 39. Rd7+ Kf8
40. Bxg5 fxg5 1/2-1/2

[Event "5MCR_3DW_1L_2S"]
[Site "ČR"]
[Date "2013.??.??"]
[Round "?"]
[White "Pirhala, Ladislav"]
[Black "Cernovsky, Karel"]
[Result "1/2-1/2"]
[WhiteElo "2310"]
[BlackElo "2344"]
[PlyCount "74"]
[EventDate "2013.??.??"]
[EventType "corr"]

1. e4 e5 2. Nf3 Nc6 3. Bb5 a6 4. Ba4 Nf6 5. O-O Be7 6. Re1 b5 7. Bb3 O-O 8. c3
d6 9. h3 Na5 10. Bc2 c5 11. d4 cxd4 12. cxd4 Qc7 13. Nbd2 Re8 14. b3 Nc6 15.
Bb2 Bb7 16. d5 Nb4 17. Bb1 a5 18. Qe2 Rec8 19. a3 Na6 20. Bd3 b4 21. axb4 Nxb4
22. Rec1 Qd8 23. Rxc8 Rxc8 24. Nc4 Ba6 25. Bc3 Bxc4 26. Bxc4 Nd7 27. Nd2 Nc5
28. Nb1 Qb6 29. Be1 Rb8 30. g3 Bd8 31. Kg2 Qa7 32. Na3 Qd7 33. h4 h6 34. f3 Bb6
35. Bd2 Ba7 36. Bc3 Bb6 37. Nb5 Nb7 1/2-1/2

[Event "5MCR_3DW_1L_2S"]
[Site "ČR"]
[Date "2013.??.??"]
[Round "?"]
[White "Sykora, Josef"]
[Black "Pavlicek, Miroslav"]
[Result "1-0"]
[WhiteElo "2367"]
[BlackElo "2252"]
[PlyCount "103"]
[EventDate "2013.??.??"]
[EventType "corr"]

1. c4 e5 2. Nc3 Nf6 3. g3 Bb4 4. Bg2 O-O 5. Nf3 Re8 6. O-O e4 7. Nd4 c6 8. d3
Bxc3 9. bxc3 d6 10. dxe4 Nxe4 11. Qc2 Nf6 12. Rd1 Na6 13. Ba3 Qc7 14. Nb3 Rd8
15. Qd3 Bg4 16. h3 Be6 17. Bxd6 Qc8 18. e4 Bxh3 19. e5 Ne8 20. c5 Bf5 21. Be4
Bxe4 22. Qxe4 Nac7 23. Na5 Ne6 24. Rab1 Nxd6 25. cxd6 Nc5 26. Qe3 b6 27. Nb3
Nxb3 28. axb3 Qe6 29. Qe4 f6 30. f4 Rac8 31. Rd2 Rd7 32. Re1 g6 33. Qa4 Kf7 34.
Kh2 h6 35. Re4 Kf8 36. Rde2 f5 37. Rd4 Kg7 38. Qa6 Re8 39. b4 g5 40. Red2 Qg6
41. Qc4 Qh5+ 42. Kg1 Qf3 43. R4d3 Qe4 44. Qxe4 fxe4 45. Re3 Kg6 46. Rxe4 Kf5
47. Rc4 gxf4 48. gxf4 c5 49. bxc5 bxc5 50. Kf2 h5 51. Kf3 Rg8 52. Rh2 1-0

[Event "5MCR_3DW_1L_2S"]
[Site "ČR"]
[Date "2013.??.??"]
[Round "?"]
[White "Jarabinsky, Martin"]
[Black "Sykora, Josef"]
[Result "1/2-1/2"]
[WhiteElo "2227"]
[BlackElo "2367"]
[PlyCount "114"]
[EventDate "2013.??.??"]
[EventType "corr"]

1. d4 d5 2. Nf3 c6 3. c4 Nf6 4. e3 e6 5. Nc3 Nbd7 6. Qc2 Bd6 7. Bd3 O-O 8. O-O
dxc4 9. Bxc4 a6 10. Rd1 b5 11. Be2 Qc7 12. Bd2 c5 13. dxc5 Qxc5 14. b4 Qc7 15.
Rac1 Bb7 16. Qb2 Qb8 17. a4 bxa4 18. Nxa4 Bxf3 19. Bxf3 Bxh2+ 20. Kh1 Ra7 21.
Nc5 Nxc5 22. Rxc5 Nd7 23. Ra5 Bc7 24. Ra3 Bd6 25. Be1 Rc8 26. Rad3 Be5 27. Qa3
Rcc7 28. Be2 g6 29. Qa5 Qf8 30. Kg1 Bf6 31. R3d2 Nb8 32. Qa4 Rab7 33. Rc2 Qc8
34. Rdc1 Be5 35. Kf1 Rxc2 36. Rxc2 Rc7 37. Rxc7 Bxc7 38. Qc2 Qb7 39. Qd3 Be5
40. f4 Bf6 41. Bf3 Qc7 42. g3 h5 43. Kf2 h4 44. Kg2 hxg3 45. Bxg3 Qb6 46. Be1
Kf8 47. Bd2 Ke7 48. Be2 Qd6 49. e4 Qxd3 50. Bxd3 Bb2 51. b5 axb5 52. Bxb5 e5
53. Bb4+ Ke6 54. Bc4+ Kf6 55. fxe5+ Bxe5 56. Bb5 Kg7 57. Kf3 f6 1/2-1/2

[Event "5MCR_3DW_1L_2S"]
[Site "ČR"]
[Date "2013.??.??"]
[Round "?"]
[White "Sykora, Josef"]
[Black "Nedoma, Petr"]
[Result "1/2-1/2"]
[WhiteElo "2367"]
[BlackElo "2415"]
[PlyCount "75"]
[EventDate "2013.??.??"]
[EventType "corr"]

1. c4 e6 2. d4 Nf6 3. Nf3 d5 4. Nc3 c6 5. e3 Nbd7 6. Qc2 b6 7. Bd3 Bb7 8. O-O
Bd6 9. e4 dxe4 10. Nxe4 Nxe4 11. Bxe4 h6 12. Rb1 Nf6 13. b4 Nxe4 14. Qxe4 O-O
15. Rb3 Qf6 16. Re1 Rfd8 17. h3 Bc7 18. Ne5 Qf5 19. Qh4 Qf6 20. Qxf6 gxf6 21.
Ng4 f5 22. Nxh6+ Kg7 23. g4 f4 24. g5 Kg6 25. Bb2 a5 26. bxa5 Rxa5 27. c5 Rd5
28. h4 Rxa2 29. Kg2 b5 30. Re4 Ra4 31. Ng8 Rd8 32. Ne7+ Kh5 33. g6 fxg6 34.
Rxe6 Re8 35. Nf5 Rxe6 36. Ng7+ Kg4 37. Nxe6 Ba5 38. f3+ 1/2-1/2

[Event "5MCR_3DW_1L_2S"]
[Site "ČR"]
[Date "2013.??.??"]
[Round "?"]
[White "Jirku, Jaroslav"]
[Black "Pirhala, Ladislav"]
[Result "1-0"]
[WhiteElo "2338"]
[BlackElo "2310"]
[PlyCount "97"]
[EventDate "2013.??.??"]
[EventType "corr"]

1. e4 c6 2. d4 d5 3. Nc3 dxe4 4. Nxe4 Bf5 5. Ng3 Bg6 6. h4 h6 7. Nf3 Nd7 8. h5
Bh7 9. Bd3 Bxd3 10. Qxd3 e6 11. Bf4 Ngf6 12. O-O-O Be7 13. Kb1 O-O 14. Ne4 Nxe4
15. Qxe4 Nf6 16. Qe2 Qd5 17. Ne5 Qe4 18. Qxe4 Nxe4 19. Rhe1 Nf6 20. g4 Rfd8 21.
f3 a5 22. c4 a4 23. Bg3 Nd7 24. Nd3 Kf8 25. Bc7 Rdc8 26. Be5 Rd8 27. Kc2 Nxe5
28. Nxe5 Rd6 29. Rd3 Rad8 30. Kc3 Bg5 31. Re2 b6 32. c5 bxc5 33. dxc5 Rxd3+ 34.
Nxd3 Bf6+ 35. Kc2 Rd5 36. Re4 Bd4 37. Kd2 Rd8 38. Ke2 Kg8 39. f4 Kf8 40. Kf3
Kg8 41. Re1 Bc3 42. Rd1 Bf6 43. Ke3 Bd4+ 44. Ke2 Rb8 45. Rd2 f5 46. Kf3 Kf7 47.
Rc2 Rd8 48. Rc4 Bc3 49. Rxc3 1-0

[Event "5MCR_3DW_1L_2S"]
[Site "ČR"]
[Date "2013.??.??"]
[Round "?"]
[White "Nedoma, Petr"]
[Black "Pavlicek, Miroslav"]
[Result "1-0"]
[WhiteElo "2415"]
[BlackElo "2252"]
[PlyCount "73"]
[EventDate "2013.??.??"]
[EventType "corr"]

1. d4 d5 2. c4 c6 3. Nf3 Nf6 4. Nc3 e6 5. Bg5 dxc4 6. e4 b5 7. e5 h6 8. Bh4 g5
9. Nxg5 hxg5 10. Bxg5 Nbd7 11. exf6 Bb7 12. g3 c5 13. d5 Nb6 14. Bg2 b4 15. Ne4
Qxd5 16. Nd6+ Qxd6 17. Bxb7 Rb8 18. Be4 Qxd1+ 19. Rxd1 Bh6 20. Bc6+ Kf8 21. f4
Rc8 22. h4 Kg8 23. Be4 Na4 24. Rd7 a5 25. g4 Nxb2 26. h5 Nd3+ 27. Ke2 Bxg5 28.
fxg5 Nf4+ 29. Ke3 Nd5+ 30. Bxd5 exd5 31. Rf1 d4+ 32. Ke4 b3 33. g6 Rf8 34. Kf5
Rh6 35. Kg5 Rh8 36. g7 Kh7 37. Kf5 1-0